[Event "Deutsche Ländermeisterschaft 2023"]
[Site "Hannover GER"]
[Date "2023.10.01"]
[Round "2"]
[White "Färber, Anna"]
[Black "Prinzen, Siri Marleen"]
[Result "0-1"]
[Termination "normal"]
[Board "6.7"]
[WhiteElo "1309"]
[BlackElo "1689"]
[WhiteClock "00:18:26"]
[BlackClock "00:01:49"]
[WhiteTeam "Saarland & Friends"]
[BlackTeam "Bayern"]
[PlyCount "76"]
[WhiteFideId "34633480"]
[BlackFideId "16265912"]
[EventCountry "GER"]
[EventRounds "7"]
[EventType "team-swiss"]
[EventDate "2023.09.30"]

1. e4 {[%clk 01:30:55]} {[%emt 00:00:04]} c6 {[%clk 01:30:51]} {[%emt
00:00:09]} 2. d4 {[%clk 01:31:21]} {[%emt 00:00:04]} d5 {[%clk 01:31:15]}
{[%emt 00:00:06]} 3. e5 {[%clk 01:31:49]} {[%emt 00:00:02]} c5 {[%clk
01:31:36]} {[%emt 00:00:09]} 4. dxc5 {[%clk 01:32:17]} {[%emt 00:00:03]} e6
{[%clk 01:31:48]} {[%emt 00:00:17]} 5. Nf3 {[%clk 01:32:39]} {[%emt 00:00:09]}
Bxc5 {[%clk 01:28:50]} {[%emt 00:03:27]} 6. Bd3 {[%clk 01:32:15]} {[%emt
00:00:54]} Nc6 {[%clk 01:26:27]} {[%emt 00:02:53]} 7. a3 {[%clk 01:32:07]}
{[%emt 00:00:38]} Nge7 {[%clk 01:24:15]} {[%emt 00:02:41]} 8. O-O {[%clk
01:29:51]} {[%emt 00:02:47]} Qc7 {[%clk 01:20:29]} {[%emt 00:04:16]} 9. b4
{[%clk 01:29:20]} {[%emt 00:01:01]} Bb6 {[%clk 01:19:33]} {[%emt 00:01:26]} 10.
Bb2 {[%clk 01:29:40]} {[%emt 00:00:11]} Ng6 {[%clk 01:16:16]} {[%emt 00:03:46]}
11. Re1 {[%clk 01:29:50]} {[%emt 00:00:20]} Bd7 {[%clk 01:08:02]} {[%emt
00:08:43]} 12. Nbd2 {[%clk 01:27:41]} {[%emt 00:02:40]} Nce7 {[%clk 01:00:56]}
{[%emt 00:07:36]} 13. c4 {[%clk 01:21:24]} {[%emt 00:06:46]} Qb8 {[%clk
00:53:51]} {[%emt 00:07:34]} 14. c5 {[%clk 01:14:27]} {[%emt 00:07:28]} Bc7
{[%clk 00:53:34]} {[%emt 00:00:47]} 15. b5 {[%clk 01:12:45]} {[%emt 00:02:13]}
O-O {[%clk 00:47:53]} {[%emt 00:06:10]} 16. a4 {[%clk 01:08:14]} {[%emt
00:05:00]} a6 {[%clk 00:42:41]} {[%emt 00:05:43]} 17. b6 {[%clk 00:59:45]}
{[%emt 00:08:59]} Bd8 {[%clk 00:42:35]} {[%emt 00:00:35]} 18. Nb3 {[%clk
01:00:02]} {[%emt 00:00:13]} Nc6 {[%clk 00:39:57]} {[%emt 00:03:08]} 19. Qd2
{[%clk 00:58:42]} {[%emt 00:01:50]} Be7 {[%clk 00:37:06]} {[%emt 00:03:22]} 20.
Rac1 {[%clk 00:55:55]} {[%emt 00:03:15]} Qe8 {[%clk 00:32:05]} {[%emt
00:05:32]} 21. Ra1 {[%clk 00:53:15]} {[%emt 00:03:10]} Rc8 {[%clk 00:30:05]}
{[%emt 00:02:30]} 22. Rec1 {[%clk 00:49:11]} {[%emt 00:04:35]} f6 {[%clk
00:24:18]} {[%emt 00:06:17]} 23. exf6 {[%clk 00:46:15]} {[%emt 00:03:26]} Bxf6
{[%clk 00:24:33]} {[%emt 00:00:15]} 24. Re1 {[%clk 00:44:36]} {[%emt 00:02:07]}
Bxb2 {[%clk 00:20:51]} {[%emt 00:04:13]} 25. Qxb2 {[%clk 00:45:01]} {[%emt
00:00:07]} Nf4 {[%clk 00:19:24]} {[%emt 00:01:56]} 26. Bc2 {[%clk 00:42:03]}
{[%emt 00:03:28]} Qh5 {[%clk 00:15:41]} {[%emt 00:04:12]} 27. Re3 {[%clk
00:36:07]} {[%emt 00:06:25]} Rf6 {[%clk 00:10:41]} {[%emt 00:05:31]} 28. Ne1
{[%clk 00:32:40]} {[%emt 00:03:57]} Rcf8 {[%clk 00:08:46]} {[%emt 00:02:25]}
29. Bd1 {[%clk 00:29:06]} {[%emt 00:04:05]} Qg6 {[%clk 00:07:04]} {[%emt
00:02:11]} 30. Rg3 {[%clk 00:27:24]} {[%emt 00:02:10]} Qf7 {[%clk 00:06:55]}
{[%emt 00:00:42]} 31. f3 {[%clk 00:24:55]} {[%emt 00:02:58]} e5 {[%clk
00:04:44]} {[%emt 00:02:41]} 32. Bc2 {[%clk 00:23:02]} {[%emt 00:02:23]} h6
{[%clk 00:04:02]} {[%emt 00:01:12]} 33. Bd1 {[%clk 00:20:56]} {[%emt 00:02:36]}
Nh5 {[%clk 00:03:49]} {[%emt 00:00:43]} 34. Qe2 {[%clk 00:19:30]} {[%emt
00:01:56]} Nxg3 {[%clk 00:04:01]} {[%emt 00:00:20]} 35. hxg3 {[%clk 00:19:57]}
{[%emt 00:00:03]} Be6 {[%clk 00:03:16]} {[%emt 00:01:14]} 36. Nd2 {[%clk
00:19:51]} {[%emt 00:00:36]} Qe7 {[%clk 00:02:51]} {[%emt 00:00:55]} 37. Rc1
{[%clk 00:19:41]} {[%emt 00:00:40]} Rg6 {[%clk 00:02:51]} {[%emt 00:00:31]} 38.
Nd3 {[%clk 00:18:26]} {[%emt 00:01:45]} Rxg3 {[%clk 00:01:49]} {[%emt
00:01:33]} 0-1

[Event "Deutsche Ländermeisterschaft 2023"]
[Site "Hannover GER"]
[Date "2023.10.01"]
[Round "2"]
[White "Artemenko, Isabella"]
[Black "Frydel, Helena"]
[Result "0-1"]
[Termination "normal"]
[Board "6.8"]
[WhiteElo "1016"]
[BlackElo "1159"]
[WhiteClock "00:48:54"]
[BlackClock "00:35:52"]
[WhiteTeam "Bayern"]
[BlackTeam "Saarland & Friends"]
[PlyCount "100"]
[WhiteFideId "34639616"]
[BlackFideId "16266536"]
[EventCountry "GER"]
[EventRounds "7"]
[EventType "team-swiss"]
[EventDate "2023.09.30"]

1. e4 {[%clk 01:30:57]} {[%emt 00:00:02]} e5 {[%clk 01:30:49]} {[%emt
00:00:12]} 2. Nf3 {[%clk 01:31:11]} {[%emt 00:00:15]} Nf6 {[%clk 01:31:12]}
{[%emt 00:00:08]} 3. Nxe5 {[%clk 01:30:24]} {[%emt 00:01:16]} d6 {[%clk
01:31:38]} {[%emt 00:00:05]} 4. Nf3 {[%clk 01:29:46]} {[%emt 00:01:08]} Nxe4
{[%clk 01:31:14]} {[%emt 00:00:55]} 5. Qe2 {[%clk 01:28:55]} {[%emt 00:01:20]}
Qe7 {[%clk 01:31:34]} {[%emt 00:00:10]} 6. Nc3 {[%clk 01:27:48]} {[%emt
00:01:36]} Nxc3 {[%clk 01:31:58]} {[%emt 00:00:07]} 7. dxc3 {[%clk 01:26:34]}
{[%emt 00:01:44]} Nc6 {[%clk 01:30:39]} {[%emt 00:01:50]} 8. Be3 {[%clk
01:26:49]} {[%emt 00:00:13]} Be6 {[%clk 01:29:02]} {[%emt 00:02:08]} 9. Nd4
{[%clk 01:22:32]} {[%emt 00:04:46]} Bd7 {[%clk 01:24:29]} {[%emt 00:05:04]} 10.
Nb5 {[%clk 01:16:41]} {[%emt 00:06:21]} O-O-O {[%clk 01:21:50]} {[%emt
00:03:10]} 11. O-O-O {[%clk 01:11:35]} {[%emt 00:05:35]} a6 {[%clk 01:18:35]}
{[%emt 00:03:47]} 12. Na7+ {[%clk 01:10:09]} {[%emt 00:01:55]} Kb8 {[%clk
01:17:57]} {[%emt 00:01:06]} 13. Nxc6+ {[%clk 01:10:15]} {[%emt 00:00:25]} Bxc6
{[%clk 01:18:10]} {[%emt 00:00:20]} 14. f3 {[%clk 01:06:19]} {[%emt 00:04:20]}
Re8 {[%clk 01:17:29]} {[%emt 00:01:16]} 15. Re1 {[%clk 01:06:26]} {[%emt
00:00:21]} d5 {[%clk 01:10:13]} {[%emt 00:07:48]} 16. Qf2 {[%clk 01:03:43]}
{[%emt 00:03:12]} Qd7 {[%clk 01:05:13]} {[%emt 00:05:31]} 17. Ba7+ {[%clk
01:03:38]} {[%emt 00:00:33]} Ka8 {[%clk 01:05:00]} {[%emt 00:00:44]} 18. Rxe8+
{[%clk 01:03:57]} {[%emt 00:00:11]} Qxe8 {[%clk 01:05:14]} {[%emt 00:00:16]}
19. Bd4 {[%clk 01:04:17]} {[%emt 00:00:09]} Qd7 {[%clk 00:59:24]} {[%emt
00:06:20]} 20. Bd3 {[%clk 00:58:56]} {[%emt 00:05:51]} f5 {[%clk 00:55:48]}
{[%emt 00:04:07]} 21. Re1 {[%clk 00:57:07]} {[%emt 00:02:18]} Bd6 {[%clk
00:54:13]} {[%emt 00:02:06]} 22. f4 {[%clk 00:55:24]} {[%emt 00:02:12]} Rf8
{[%clk 00:50:20]} {[%emt 00:04:24]} 23. g3 {[%clk 00:54:37]} {[%emt 00:01:16]}
g6 {[%clk 00:46:57]} {[%emt 00:03:47]} 24. Qe3 {[%clk 00:54:44]} {[%emt
00:00:25]} Re8 {[%clk 00:45:29]} {[%emt 00:02:02]} 25. Qxe8+ {[%clk 00:54:50]}
{[%emt 00:00:23]} Qxe8 {[%clk 00:45:53]} {[%emt 00:00:07]} 26. Rxe8+ {[%clk
00:55:00]} {[%emt 00:00:20]} Bxe8 {[%clk 00:46:11]} {[%emt 00:00:12]} 27. Kd2
{[%clk 00:54:24]} {[%emt 00:01:05]} Kb8 {[%clk 00:45:56]} {[%emt 00:00:47]} 28.
c4 {[%clk 00:54:39]} {[%emt 00:00:15]} c5 {[%clk 00:45:36]} {[%emt 00:00:47]}
29. Be5 {[%clk 00:54:44]} {[%emt 00:00:26]} Bxe5 {[%clk 00:44:43]} {[%emt
00:01:25]} 30. fxe5 {[%clk 00:55:02]} {[%emt 00:00:11]} d4 {[%clk 00:44:53]}
{[%emt 00:00:21]} 31. Ke2 {[%clk 00:55:09]} {[%emt 00:00:21]} Kc7 {[%clk
00:45:11]} {[%emt 00:00:14]} 32. Kf3 {[%clk 00:55:29]} {[%emt 00:00:08]} Kd7
{[%clk 00:45:15]} {[%emt 00:00:27]} 33. Kf4 {[%clk 00:55:23]} {[%emt 00:00:35]}
Ke6 {[%clk 00:45:00]} {[%emt 00:00:46]} 34. h3 {[%clk 00:55:15]} {[%emt
00:00:38]} h5 {[%clk 00:44:31]} {[%emt 00:01:00]} 35. Be2 {[%clk 00:55:15]}
{[%emt 00:00:26]} b5 {[%clk 00:41:13]} {[%emt 00:03:53]} 36. cxb5 {[%clk
00:54:35]} {[%emt 00:01:09]} axb5 {[%clk 00:38:46]} {[%emt 00:02:57]} 37. c4
{[%clk 00:54:25]} {[%emt 00:00:38]} b4 {[%clk 00:38:10]} {[%emt 00:01:08]} 38.
b3 {[%clk 00:54:38]} {[%emt 00:00:15]} Bc6 {[%clk 00:36:46]} {[%emt 00:01:53]}
39. Bd3 {[%clk 00:53:24]} {[%emt 00:01:43]} Bg2 {[%clk 00:36:15]} {[%emt
00:01:04]} 40. h4 {[%clk 00:53:07]} {[%emt 00:00:46]} Bc6 {[%clk 00:35:01]}
{[%emt 00:01:45]} 41. Bc2 {[%clk 00:52:01]} {[%emt 00:01:34]} Bb7 {[%clk
00:35:15]} {[%emt 00:00:18]} 42. Bb1 {[%clk 00:51:28]} {[%emt 00:01:01]} Ba8
{[%clk 00:35:03]} {[%emt 00:00:42]} 43. Bd3 {[%clk 00:51:20]} {[%emt 00:00:39]}
Bg2 {[%clk 00:35:03]} {[%emt 00:00:31]} 44. Bb1 {[%clk 00:51:01]} {[%emt
00:00:47]} Bf1 {[%clk 00:35:00]} {[%emt 00:00:34]} 45. Bc2 {[%clk 00:50:31]}
{[%emt 00:00:58]} d3 {[%clk 00:35:18]} {[%emt 00:00:16]} 46. Bd1 {[%clk
00:50:49]} {[%emt 00:00:10]} Be2 {[%clk 00:35:21]} {[%emt 00:00:28]} 47. Ke3
{[%clk 00:48:50]} {[%emt 00:02:28]} Bxd1 {[%clk 00:35:37]} {[%emt 00:00:15]}
48. Kxd3 {[%clk 00:49:08]} {[%emt 00:00:11]} Kxe5 {[%clk 00:36:00]} {[%emt
00:00:08]} 49. Kd2 {[%clk 00:48:40]} {[%emt 00:00:57]} Bf3 {[%clk 00:35:56]}
{[%emt 00:00:34]} 50. Ke3 {[%clk 00:48:54]} {[%emt 00:00:16]} Be4 {[%clk
00:35:52]} {[%emt 00:00:36]} 0-1

[Event "Deutsche Ländermeisterschaft 2023"]
[Site "Hannover GER"]
[Date "2023.10.01"]
[Round "2"]
[White "Weishäutel, Moritz"]
[Black "Tschernatsch, Johannes"]
[Result "1/2-1/2"]
[Termination "normal"]
[Board "7.1"]
[WhiteTitle "FM"]
[BlackTitle "FM"]
[WhiteElo "2403"]
[BlackElo "2346"]
[WhiteClock "00:47:58"]
[BlackClock "00:42:10"]
[WhiteTeam "Thüringen"]
[BlackTeam "Brandenburg"]
[PlyCount "53"]
[WhiteFideId "12967300"]
[BlackFideId "16223977"]
[EventCountry "GER"]
[EventRounds "7"]
[EventType "team-swiss"]
[EventDate "2023.09.30"]

1. d4 {[%clk 01:30:58]} {[%emt 00:00:01]} Nf6 {[%clk 01:30:55]} {[%emt
00:00:06]} 2. Nc3 {[%clk 01:31:23]} {[%emt 00:00:04]} d5 {[%clk 01:31:14]}
{[%emt 00:00:11]} 3. Bf4 {[%clk 01:31:48]} {[%emt 00:00:05]} g6 {[%clk
01:31:35]} {[%emt 00:00:09]} 4. e3 {[%clk 01:32:13]} {[%emt 00:00:04]} Bg7
{[%clk 01:31:58]} {[%emt 00:00:07]} 5. h4 {[%clk 01:32:39]} {[%emt 00:00:05]}
h5 {[%clk 01:32:22]} {[%emt 00:00:07]} 6. Nf3 {[%clk 01:33:05]} {[%emt
00:00:03]} O-O {[%clk 01:31:41]} {[%emt 00:01:11]} 7. Ne5 {[%clk 01:33:31]}
{[%emt 00:00:05]} c5 {[%clk 01:24:17]} {[%emt 00:07:54]} 8. Qd2 {[%clk
01:33:56]} {[%emt 00:00:05]} cxd4 {[%clk 01:23:56]} {[%emt 00:00:51]} 9. exd4
{[%clk 01:34:21]} {[%emt 00:00:05]} Nc6 {[%clk 01:24:04]} {[%emt 00:00:22]} 10.
f3 {[%clk 01:34:18]} {[%emt 00:00:33]} Nd7 {[%clk 01:19:06]} {[%emt 00:05:28]}
11. Nxd5 {[%clk 01:34:35]} {[%emt 00:00:12]} Ndxe5 {[%clk 01:18:02]} {[%emt
00:01:35]} 12. dxe5 {[%clk 01:35:00]} {[%emt 00:00:05]} Be6 {[%clk 01:11:29]}
{[%emt 00:07:02]} 13. O-O-O {[%clk 01:35:01]} {[%emt 00:00:29]} Rc8 {[%clk
01:08:56]} {[%emt 00:03:04]} 14. Bc4 {[%clk 01:11:24]} {[%emt 00:24:07]} Nxe5
{[%clk 01:05:00]} {[%emt 00:04:26]} 15. Bb3 {[%clk 01:11:50]} {[%emt 00:00:04]}
Bxd5 {[%clk 01:02:17]} {[%emt 00:03:14]} 16. Qxd5 {[%clk 01:09:36]} {[%emt
00:02:44]} Qxd5 {[%clk 01:02:37]} {[%emt 00:00:10]} 17. Rxd5 {[%clk 01:09:14]}
{[%emt 00:00:52]} Nc4 {[%clk 01:02:49]} {[%emt 00:00:18]} 18. c3 {[%clk
01:08:49]} {[%emt 00:00:55]} e5 {[%clk 00:54:56]} {[%emt 00:08:24]} 19. Bg3
{[%clk 01:02:03]} {[%emt 00:07:15]} Bh6+ {[%clk 00:52:07]} {[%emt 00:03:20]}
20. Kb1 {[%clk 01:02:29]} {[%emt 00:00:03]} Nd2+ {[%clk 00:52:09]} {[%emt
00:00:28]} 21. Kc2 {[%clk 01:02:46]} {[%emt 00:00:12]} Nxb3 {[%clk 00:52:30]}
{[%emt 00:00:10]} 22. axb3 {[%clk 01:02:56]} {[%emt 00:00:19]} f6 {[%clk
00:52:02]} {[%emt 00:00:58]} 23. Rhd1 {[%clk 00:56:41]} {[%emt 00:06:45]} Rf7
{[%clk 00:47:52]} {[%emt 00:04:40]} 24. b4 {[%clk 00:54:51]} {[%emt 00:02:20]}
Be3 {[%clk 00:44:19]} {[%emt 00:04:04]} 25. Kd3 {[%clk 00:48:10]} {[%emt
00:07:10]} Bb6 {[%clk 00:43:21]} {[%emt 00:01:27]} 26. Ke2 {[%clk 00:48:32]}
{[%emt 00:00:09]} Re7 {[%clk 00:42:10]} {[%emt 00:01:41]} 27. Bf2 {[%clk
00:47:58]} {[%emt 00:01:04]} 1/2-1/2

[Event "Deutsche Ländermeisterschaft 2023"]
[Site "Hannover GER"]
[Date "2023.10.01"]
[Round "2"]
[White "Nemitz, Alfred"]
[Black "Müller, Magnus"]
[Result "1-0"]
[Termination "normal"]
[Board "7.2"]
[WhiteTitle "FM"]
[WhiteElo "2300"]
[BlackElo "2180"]
[WhiteClock "00:17:23"]
[BlackClock "00:26:29"]
[WhiteTeam "Brandenburg"]
[BlackTeam "Thüringen"]
[PlyCount "67"]
[WhiteFideId "34601791"]
[BlackFideId "16230060"]
[EventCountry "GER"]
[EventRounds "7"]
[EventType "team-swiss"]
[EventDate "2023.09.30"]

1. d4 {[%emt 00:00:03]} d5 {[%clk 01:30:17]} {[%emt 00:00:41]} 2. c4 {[%clk
01:31:24]} {[%emt 00:00:04]} c6 {[%clk 01:30:42]} {[%emt 00:00:06]} 3. Nf3
{[%clk 01:31:41]} {[%emt 00:00:12]} Nf6 {[%clk 01:31:01]} {[%emt 00:00:11]} 4.
Qc2 {[%clk 01:31:38]} {[%emt 00:00:34]} dxc4 {[%clk 01:31:05]} {[%emt
00:00:26]} 5. Qxc4 {[%clk 01:31:24]} {[%emt 00:00:43]} Bf5 {[%clk 01:31:03]}
{[%emt 00:00:33]} 6. Nc3 {[%clk 01:31:11]} {[%emt 00:00:42]} e6 {[%clk
01:31:27]} {[%emt 00:00:07]} 7. g3 {[%clk 01:26:19]} {[%emt 00:05:21]} Be7
{[%clk 01:30:05]} {[%emt 00:01:53]} 8. Bg2 {[%clk 01:26:42]} {[%emt 00:00:08]}
O-O {[%clk 01:30:29]} {[%emt 00:00:06]} 9. O-O {[%clk 01:27:06]} {[%emt
00:00:05]} Nbd7 {[%clk 01:30:56]} {[%emt 00:00:04]} 10. Re1 {[%clk 01:24:34]}
{[%emt 00:03:02]} Bg6 {[%clk 01:31:15]} {[%emt 00:00:10]} 11. Bg5 {[%clk
01:16:41]} {[%emt 00:08:23]} Rc8 {[%clk 01:15:37]} {[%emt 00:16:09]} 12. Qb3
{[%clk 01:16:30]} {[%emt 00:00:40]} Qb6 {[%clk 01:14:23]} {[%emt 00:01:45]} 13.
Qxb6 {[%clk 01:16:08]} {[%emt 00:00:52]} axb6 {[%clk 01:14:46]} {[%emt
00:00:07]} 14. Ne5 {[%clk 01:14:21]} {[%emt 00:02:17]} Bd8 {[%clk 00:58:01]}
{[%emt 00:17:15]} 15. Nc4 {[%clk 01:04:13]} {[%emt 00:10:38]} b5 {[%clk
00:53:42]} {[%emt 00:04:50]} 16. Nd6 {[%clk 01:03:10]} {[%emt 00:01:31]} Rb8
{[%clk 00:54:01]} {[%emt 00:00:12]} 17. Rac1 {[%clk 00:48:46]} {[%emt
00:14:55]} b4 {[%clk 00:52:11]} {[%emt 00:02:20]} 18. Nb1 {[%clk 00:48:02]}
{[%emt 00:01:13]} Bc7 {[%clk 00:46:25]} {[%emt 00:06:12]} 19. Nc4 {[%clk
00:47:58]} {[%emt 00:00:37]} Ne4 {[%clk 00:41:50]} {[%emt 00:05:06]} 20. Be7
{[%clk 00:45:45]} {[%emt 00:02:42]} Rfc8 {[%clk 00:36:13]} {[%emt 00:06:08]}
21. Bxb4 {[%clk 00:45:54]} {[%emt 00:00:21]} Ndf6 {[%clk 00:29:28]} {[%emt
00:07:15]} 22. f3 {[%clk 00:44:46]} {[%emt 00:01:38]} b5 {[%clk 00:28:43]}
{[%emt 00:01:16]} 23. Ne3 {[%clk 00:38:45]} {[%emt 00:06:30]} Nd6 {[%clk
00:27:14]} {[%emt 00:01:59]} 24. Rxc6 {[%clk 00:38:42]} {[%emt 00:00:33]} Nc4
{[%clk 00:27:12]} {[%emt 00:00:31]} 25. Nxc4 {[%clk 00:35:44]} {[%emt
00:03:29]} bxc4 {[%clk 00:27:11]} {[%emt 00:00:32]} 26. Ba3 {[%clk 00:26:54]}
{[%emt 00:09:20]} Ba5 {[%clk 00:26:41]} {[%emt 00:00:59]} 27. Rxc8+ {[%clk
00:27:14]} {[%emt 00:00:10]} Rxc8 {[%clk 00:27:06]} {[%emt 00:00:05]} 28. Rc1
{[%clk 00:26:49]} {[%emt 00:00:55]} Bb6 {[%clk 00:27:06]} {[%emt 00:00:30]} 29.
e3 {[%clk 00:26:27]} {[%emt 00:00:51]} e5 {[%clk 00:27:00]} {[%emt 00:00:37]}
30. Nd2 {[%clk 00:24:59]} {[%emt 00:01:57]} exd4 {[%clk 00:26:10]} {[%emt
00:01:21]} 31. Rxc4 {[%clk 00:24:45]} {[%emt 00:00:43]} Re8 {[%clk 00:26:36]}
{[%emt 00:00:05]} 32. exd4 {[%clk 00:18:28]} {[%emt 00:06:47]} Bd3 {[%clk
00:26:29]} {[%emt 00:00:37]} 33. Ra4 {[%clk 00:17:23]} {[%emt 00:01:34]} Re1+
{[%emt 00:02:18]} 34. Bf1 1-0

[Event "Deutsche Ländermeisterschaft 2023"]
[Site "Hannover GER"]
[Date "2023.10.01"]
[Round "2"]
[White "Bock, Marlon"]
[Black "Beyer, Lorenz"]
[Result "1-0"]
[Termination "normal"]
[Board "7.3"]
[WhiteElo "1984"]
[BlackElo "2085"]
[WhiteClock "01:30:59"]
[BlackClock "01:30:30"]
[WhiteTeam "Thüringen"]
[BlackTeam "Brandenburg"]
[PlyCount "75"]
[WhiteFideId "16244931"]
[BlackFideId "16245393"]
[EventCountry "GER"]
[EventRounds "7"]
[EventType "team-swiss"]
[EventDate "2023.09.30"]

1. d4 Nf6 2. c4 e6 3. Nc3 Bb4 4. e3 O-O 5. Bd3 d5 6. a3 Bxc3+ 7. bxc3 b6 8.
cxd5 Qxd5 9. f3 Ba6 10. Ne2 Bxd3 11. Qxd3 c5 12. O-O h6 13. e4 Qd7 14. f4 Nc6
15. f5 cxd4 16. cxd4 exf5 17. Rxf5 Nxe4 18. Qxe4 Rae8 19. Re5 Nxe5 20. dxe5 f6
21. Bb2 fxe5 22. h3 Qb5 23. Bc3 Qc5+ 24. Kh2 Rf2 25. Be1 Rf7 26. Bb4 Qc8 27.
Ng3 Rf4 28. Qe3 Qb8 29. Ne4 a5 30. Bc3 Kh8 31. Rb1 Qc7 32. Ba1 Qb7 33. Re1 Qc7
34. Kh1 Ref8 35. Kg1 Qc8 36. Bxe5 Rf1+ 37. Kh2 Rxe1 {[%clk 01:30:30]} 38. Qxh6+
{[%clk 01:30:59]} 1-0

[Event "Deutsche Ländermeisterschaft 2023"]
[Site "Hannover GER"]
[Date "2023.10.01"]
[Round "2"]
[White "Hoffmann, Kay"]
[Black "Aniol, Nico"]
[Result "1-0"]
[Termination "normal"]
[Board "7.4"]
[WhiteElo "2064"]
[BlackElo "1748"]
[WhiteClock "00:59:52"]
[BlackClock "01:04:36"]
[WhiteTeam "Brandenburg"]
[BlackTeam "Thüringen"]
[PlyCount "47"]
[WhiteFideId "16227000"]
[BlackFideId "16287096"]
[EventCountry "GER"]
[EventRounds "7"]
[EventType "team-swiss"]
[EventDate "2023.09.30"]

1. d4 {[%clk 01:30:58]} {[%emt 00:00:02]} Nf6 {[%clk 01:30:53]} {[%emt
00:00:08]} 2. c4 {[%clk 01:31:25]} {[%emt 00:00:02]} g6 {[%clk 01:31:14]}
{[%emt 00:00:08]} 3. Nc3 {[%clk 01:31:53]} {[%emt 00:00:03]} Bg7 {[%clk
01:31:38]} {[%emt 00:00:06]} 4. e4 {[%clk 01:32:20]} {[%emt 00:00:03]} O-O
{[%clk 01:32:01]} {[%emt 00:00:06]} 5. h3 {[%clk 01:32:49]} {[%emt 00:00:01]}
c5 {[%clk 01:32:12]} {[%emt 00:00:19]} 6. d5 {[%clk 01:32:53]} {[%emt
00:00:26]} e6 {[%clk 01:32:35]} {[%emt 00:00:07]} 7. e5 {[%clk 01:24:51]}
{[%emt 00:08:32]} Ne8 {[%clk 01:32:57]} {[%emt 00:00:07]} 8. Nf3 {[%clk
01:24:59]} {[%emt 00:00:22]} exd5 {[%clk 01:30:48]} {[%emt 00:02:38]} 9. cxd5
{[%clk 01:19:56]} {[%emt 00:05:34]} d6 {[%clk 01:30:08]} {[%emt 00:01:11]} 10.
Bg5 {[%clk 01:18:56]} {[%emt 00:01:29]} f6 {[%clk 01:25:53]} {[%emt 00:04:45]}
11. exf6 {[%clk 01:19:17]} {[%emt 00:00:08]} Nxf6 {[%clk 01:26:20]} {[%emt
00:00:04]} 12. Be2 {[%clk 01:19:40]} {[%emt 00:00:07]} Qb6 {[%clk 01:24:50]}
{[%emt 00:02:00]} 13. O-O {[%clk 01:13:39]} {[%emt 00:06:31]} Bf5 {[%clk
01:16:24]} {[%emt 00:08:55]} 14. Bd3 {[%clk 01:06:22]} {[%emt 00:07:48]} Bxd3
{[%clk 01:14:36]} {[%emt 00:02:18]} 15. Qxd3 {[%clk 01:06:45]} {[%emt
00:00:07]} Nbd7 {[%clk 01:13:26]} {[%emt 00:01:41]} 16. Rfe1 {[%clk 01:05:40]}
{[%emt 00:01:35]} Rae8 {[%clk 01:12:28]} {[%emt 00:01:28]} 17. Re6 {[%clk
01:04:40]} {[%emt 00:01:30]} Rxe6 {[%clk 01:09:35]} {[%emt 00:03:23]} 18. dxe6
{[%clk 01:04:59]} {[%emt 00:00:11]} Ne5 {[%clk 01:09:55]} {[%emt 00:00:10]} 19.
Nxe5 {[%clk 01:03:03]} {[%emt 00:02:25]} dxe5 {[%clk 01:10:21]} {[%emt
00:00:05]} 20. e7 {[%clk 00:59:06]} {[%emt 00:04:27]} Re8 {[%clk 01:10:33]}
{[%emt 00:00:18]} 21. Qc4+ {[%clk 00:59:08]} {[%emt 00:00:28]} Kh8 {[%clk
01:10:16]} {[%emt 00:00:47]} 22. Qf7 {[%clk 00:59:03]} {[%emt 00:00:34]} Qc6
{[%clk 01:04:12]} {[%emt 00:06:35]} 23. Bxf6 {[%clk 00:59:26]} {[%emt
00:00:07]} Bxf6 {[%clk 01:04:36]} {[%emt 00:00:06]} 24. Qf8+ {[%clk 00:59:52]}
{[%emt 00:00:03]} 1-0